Los secretos del nuevo periodismo (Registro nro. 189538)

Detalles MARC
000 -LEADER
campo de control de longitud fija 01044nam a2200241 i 4500
001 - NÚMERO DE CONTROL
campo de control 189538
003 - IDENTIFICADOR DE NÚMERO DE CONTROL
campo de control ES-MaACL
005 - FECHA Y HORA DE LA ÚLTIMA TRANSACCIÓN
campo de control 20250905133006.0
008 - DATOS DE LONGITUD FIJA--INFORMACIÓN GENERAL
campo de control de longitud fija 190607s2007 sp d |||| |dspa d
020 ## - NÚMERO INTERNACIONAL ESTÁNDAR DEL LIBRO
Número Internacional Estándar del Libro 978-84-9826-245-2
111 2# - ENTRADA PRINCIPAL--NOMBRE DE CONGRESO/REUNIÓN
Nombre de congreso/reunión o jurisdicción como elemento de entrada Congreso Internacional de Nuevo Periodismo
Número del congreso/reunión o número de parte o sección (1º.
Fecha del congreso o de la firma del tratado 2006.
Sede del congreso/Lugar de la reunión Valencia)
9 (RLIN) 167315
245 14 - MENCIÓN DEL TÍTULO
Título Los secretos del nuevo periodismo
Resto del título : ¿está muriendo la información tradicional? /
Mención de responsabilidad, etc. [director, Fernando Jáuregui Campuzano ; coordinador, Manuel Ángel Menéndez Gijón].
260 ## - PUBLICACIÓN, DISTRIBUCIÓN, ETC.
Lugar de publicación, distribución, etc. [Valencia] :
Nombre del editor, distribuidor, etc. Generalitat Valenciana,
Fecha de publicación, distribución, etc. [2007]
300 ## - DESCRIPCIÓN FÍSICA
Extensión 302 p. :
Otras características físicas gráf. ;
Dimensiones 30 cm.
504 ## - NOTA DE BIBLIOGRAFÍA, ETC.
Nota de bibliografía, etc. Bibliografía: p. 299-302.
594 ## - Nota al título y mención de responsabilidad
Nota al título y mención de responsabilidad Congreso celebrado en Valencia entre los días 19 y 21 de octubre de 2006.
650 #4 - PUNTO DE ACCESO ADICIONAL DE MATERIA--TÉRMINO DE MATERIA
Término de materia o nombre geográfico como elemento de entrada Periodismo-
Subdivisión de forma Congresos y asambleas.
9 (RLIN) 167316
700 1# - ENTRADA AGREGADA--NOMBRE PERSONAL
Nombre de persona Jáuregui, Fernando,
Fechas asociadas al nombre 1950-
9 (RLIN) 66193
700 1# - ENTRADA AGREGADA--NOMBRE PERSONAL
Nombre de persona Menéndez, Manuel Ángel,
Fechas asociadas al nombre 1955-
9 (RLIN) 80293
710 1# - ENTRADA AGREGADA--NOMBRE DE ENTIDAD CORPORATIVA
Nombre de entidad corporativa o nombre de jurisdicción como elemento de entrada Comunidad Valenciana.
Unidad subordinada Generalidad.
9 (RLIN) 7537
852 ## - LOCALIZACIÓN
Ubicación ES-MaACL
Número de control de estantería L-32435
Existencias
Estatus retirado Estado de pérdida Estado de daño No para préstamo Biblioteca de origen Biblioteca actual Ubicación en estantería Fecha de adquisición Fuente de adquisición Total de préstamos Signatura topográfica completa Código de barras Visto por última vez Precio de reemplazo Tipo de ítem Koha
        Biblioteca del Ateneo de Madrid Biblioteca del Ateneo de Madrid Depósito 2 07/06/2019     L-32435 1200835 23/02/2023 23/02/2023 Libro impreso